The rise of Christian fundamentalism in the United States and the challenge to understand the new America (Record no. 40710)
[ view plain ]
| 000 -LEADER | |
|---|---|
| fixed length control field | 00586nam a2200181Ia 4500 |
| 001 - CONTROL NUMBER | |
| control field | 42227 |
| 008 - FIXED-LENGTH DATA ELEMENTS--GENERAL INFORMATION | |
| fixed length control field | 140425s9999 xx 000 0 und d |
| 020 ## - INTERNATIONAL STANDARD BOOK NUMBER | |
| International Standard Book Number | 969408248x |
| 040 ## - CATALOGING SOURCE | |
| Transcribing agency | PK-LaUMT |
| 082 ## - DEWEY DECIMAL CLASSIFICATION NUMBER | |
| Classification number | 277.3082 |
| Item number | ARI-R |
| 100 ## - MAIN ENTRY--PERSONAL NAME | |
| Personal name | Arif Zakaullah, Muhammad |
| 245 #4 - TITLE STATEMENT | |
| Title | The rise of Christian fundamentalism in the United States and the challenge to understand the new America |
| Statement of responsibility, etc | Arif Zakaullah, Muhammad |
| 260 ## - PUBLICATION, DISTRIBUTION, ETC. (IMPRINT) | |
| Place of publication, distribution, etc | Islamabad,Pakistan: |
| Name of publisher, distributor, etc | Islamic Research Institute, |
| Date of publication, distribution, etc | 2004 |
| 300 ## - PHYSICAL DESCRIPTION | |
| Extent | 93 p. |
| 546 ## - LANGUAGE NOTE | |
| Language note | EN |
| 650 ## - SUBJECT ADDED ENTRY--TOPICAL TERM | |
| Topical term or geographic name as entry element | Christian fundamentalism-United States |
| 942 ## - ADDED ENTRY ELEMENTS (KOHA) | |
| Koha item type | Books |
| Withdrawn status | Lost status | Damaged status | Not for loan | Home library | Current library | Date acquired | Total Checkouts | Full call number | Barcode | Date last seen | Price effective from | Koha item type |
|---|---|---|---|---|---|---|---|---|---|---|---|---|
| UMT Main Campus | UMT Main Campus | 2014-04-25 | 277.3082 ARI-R | 45611 | 2014-05-06 | 2014-05-06 | Books |
